000 00537nam a2200229Ia 4500
005 20250320055429.0
008 240331s9999 xx 000 0 und d
020 _a9780143063773
082 _bWOM
_26436
_a302
245 0 _aWomen's Studies in India
260 _aNew Delhi,
_bPenguin Books
_c2008
300 _axvii, 657 p.,
650 _aWomen
650 _aIndia
650 _aFeminism
650 _aHistory
650 _aDevelopment
650 _aReligion
650 _aEducation
700 _aJohn, M. E
_eedt
942 _cL
999 _c2571
_d2571